Music Quiz

Random Music or Lyrics Quiz

American Pie - The Complete Lyrics Quiz Stats

 Plays Quiz Updated Apr 21, 2016

Challenge
Share
Tweet
Score 0/298 Timer 20:00
1 Play Today
% Correct
Pie
92.7%
American
92.7%
die
91.8%
die
91.8%
Bye
91.2%
bye
91.2%
long
91.1%
long
91.1%
Miss
91%
Oh
90.7%
Oh
90.7%
Oh
90.7%
Oh
90.7%
dry
90%
Chevy
89.9%
whiskey
89.2%
boys
88.7%
drinkin
88.5%
music
88.5%
music
88.5%
music
88.5%
music
88.5%
music
88.5%
music
88.5%
music
88.5%
music
88.5%
music
88.5%
music
88.5%
ago
88.3%
Singin
88.3%
singin
88.3%
singin
88.3%
singin
88.3%
singin
88.3%
singin
88.3%
singin
88.2%
remember
88.1%
remember
88.1%
rye
87.9%
Drove
87.8%
levee
87.5%
levee
87.5%
ole
87.3%
were
87.1%
were
87.1%
were
87.1%
were
87.1%
were
87.1%
were
87.1%
were
87.1%
died
84.1%
died
84.1%
died
84.1%
died
84.1%
died
84.1%
died
84.1%
still
83.6%
love
81.8%
love
81.8%
used
81%
used
81%
dance
80.3%
dance
80.3%
dance
80.3%
while
79.3%
while
79.3%
while
79.3%
While
79.3%
happy
77.5%
happy
77.5%
book
77.4%
book
77.4%
knew
77.1%
knew
77.1%
those
76.8%
those
76.8%
God
76.7%
above
76.4%
faith
76%
soul
75.9%
cried
75.8%
cried
75.8%
chance
75.6%
dancin
75.6%
chance
75.6%
gym
75.3%
smile
75.2%
believe
75.1%
roll
74.8%
more
74.7%
teach
74.2%
rock
73.8%
read
72.4%
read
72.4%
real
72.1%
slow
71.8%
blues
71.7%
blues
71.7%
bride
71.4%
shiver
71.4%
% Correct
own
70.9%
step
70.9%
was
70.9%
write
70.8%
widowed
70.7%
luck
70.7%
news
70.6%
save
70.6%
news
70.6%
maybe
70.2%
Bible
70.1%
tells
70%
deliver
69.8%
mortal
69.4%
every
69%
February
68.9%
shoes
68.9%
years
68.7%
years
68.7%
off
68.5%
off
68.5%
inside
68.1%
something
68%
doorstep
67.8%
truck
67.6%
deep
67.6%
Man
67.5%
man
67.5%
pickup
67.4%
paper
67%
both
66.7%
sang
66.5%
sang
66.5%
sang
66.5%
king
66.4%
king
66.4%
jester
66.1%
jester
66.1%
jester
66.1%
Bad
65.9%
dig
65.8%
kicked
65.5%
ten
65.4%
rhythm
65.4%
heard
65.4%
queen
65.3%
teenage
64.7%
play
64.6%
stone
64.1%
rolling
63.9%
touched
63.9%
fat
63.9%
James
63.7%
Dean
63.7%
down
63.6%
down
63.6%
crown
63.5%
pink
63.5%
started
63.3%
started
63.3%
carnation
63.3%
stole
62.1%
borrowed
61.9%
buck
61.8%
son
61.7%
start
61.4%
moss
61.1%
looking
60.1%
grows
59.6%
coat
59.2%
thorny
58.2%
lonely
58.2%
dark
58.2%
holy
57.6%
Jack
57.6%
Jack
57.6%
Jack
57.6%
ghost
57.5%
father
57.3%
got
56.8%
got
56.8%
quick
56.8%
place
56.8%
asked
56.5%
nimble
56.5%
girl
56.4%
courtroom
55.9%
returned
55.8%
went
55.7%
Marx
55.3%
never
55.2%
candlestick
55.2%
sat
55%
verdict
54.5%
adjourned
54.2%
before
54.1%
away
54%
park
54%
smiled
53.6%
left
53.5%
% Correct
Where
53.3%
men
53.1%
three
52.8%
coast
52.7%
band
52.6%
last
52.3%
space
52.1%
turned
52%
met
51.8%
lost
51.7%
admire
51.6%
train
51.4%
devil s
50.8%
Lennon
50.8%
friend
50.7%
store
50.6%
marching
50.2%
marching
50.2%
broken
50.1%
voice
49.7%
broncin
49.5%
generation
49.4%
word
49%
recall
48.9%
refused
48.5%
spoken
48.5%
hands
48.4%
yield
48.4%
field
48.3%
rage
48.3%
fire
48.1%
again
48%
played
47.5%
church
47.3%
fists
47.3%
dirges
46.7%
Satan s
46.7%
night
46.7%
bells
46.7%
Satan
46.4%
tried
46%
tried
46%
hell
45.8%
tune
45.5%
clenched
45.5%
stage
45.4%
spell
45.1%
watched
44.8%
caught
44.7%
practiced
44.2%
delight
44.2%
break
44.2%
angel
44.1%
players
44%
players
44%
Flash
43.8%
children
43.7%
poets
43.6%
laughing
43.4%
born
43.4%
pass
42.8%
sidelines
42.1%
forward
41.9%
cast
41.7%
sacred
41.4%
high
41.3%
high
41.3%
dreamed
41%
streets
40.2%
fast
40.1%
light
39.4%
Helter
39.3%
skelter
39.2%
summer
39.1%
lovers
39%
screamed
39%
sweet
38.9%
sacrificial
38.9%
perfume
38.6%
shelter
37.7%
swelter
37.4%
revealed
36.8%
fallout
36.4%
Eight
36.4%
quartet
36.1%
falling
36.1%
flew
36.1%
miles
36%
halftime
35.8%
air
35.3%
birds
34.4%
rite
32.9%
flames
32.4%
grass
31.1%
climbed
29.2%
landed
27.9%
sergeants
27.3%
foul
21.2%

You're not logged in!

Compare scores with friends on all Sporcle quizzes.
OR
Log In

You Might Also Like...

Show Comments

Extras

Top Quizzes Today


Score Distribution

Your Account Isn't Verified!

In order to create a playlist on Sporcle, you need to verify the email address you used during registration. Go to your Sporcle Settings to finish the process.

Report this User

Report this user for behavior that violates our Community Guidelines.

Details: